00825nam a2200217 a 45000010005000000030008000050050017000130080039000300350014000690400023000830410008001060820030001141000024001442450093001682600050002613000021003115000134003325040051004666500045005176500045005625561BD-RjUL20211208234104.0131226s1982 bg b 001 0 eng a(BD-RjUL) aDLCcDLCdDLCbeng aeng 222a355.0325491bSAA 19821 aSattar, Mohammad A.10aAid or stagnation :ban economic analysis of U.S. aid to Pakistan /cMohammad A. Sattar. aDacca, Bangladesh :bUniversity Press,c1982. a133 p. ;c22 cm. aBased on the author's thesis (Ph. D.--Tufts University, 1969) under title: United States aid and Pakistan's economic development. aIncludes bibliographical references and index. 0aEconomic assistance, AmericanzPakistan. 0aMilitary assistance, AmericanzPakistan.